000 00575cam a22002053a 4500
001 43213
003 PGUSA
005 20140828084000.0
008 130714s2013||||xxu|||||s|||||000 | eng d
040 _aPGUSA
_beng
042 _adc
100 1 _aDioscorides,
_cDr
245 1 0 _aAnno 2070 :
_bEen blik in de toekomst
_h[electronic resource] /
_cDioscorides,
260 _bProject Gutenberg,
_c2013
506 _aPublic domain in the USA.
516 _aElectronic text
830 0 _aProject Gutenberg
_v43213
856 4 0 _uhttp://www.gutenberg.org/ebooks/43213
942 _cEB
999 _c272464
_d272464